|
|
|
|
| LEADER |
01509nam a2200301 a 4500 |
| 001 |
39723 |
| 003 |
BD-DhAAL |
| 008 |
221011t1986 dcu i000 0 eng d |
| 999 |
|
|
|c 44942
|d 44942
|
| 010 |
|
|
|a 92140057
|
| 020 |
|
|
|a 0821307002
|
| 040 |
|
|
|a DLC
|c DLC
|d BD-DhAAL
|
| 043 |
|
|
|a d------
|
| 050 |
0 |
0 |
|a HC60
|b .A4529 1986
|
| 082 |
|
|
|a 338.91091724
|
| 245 |
0 |
0 |
|a Aid for development :
|b the key issues : supporting materials for the report of the task force on concessional flows.
|
| 260 |
|
|
|a Washington, D.C. :
|b Joint Ministerial Committee of the Boards of Governors of the World Bank and the International Monetary Fund on the Transfer of Real Resources to Developing Countries (Developing Committee),
|c 1974 [second printing1986].
|
| 300 |
|
|
|a 138 pages ;
|c 22 cm.
|
| 490 |
1 |
|
|a Development Committee,
|x 0255-8807 ;
|v no. 8
|
| 541 |
|
|
|a Donated By Akbar Ali Khan
|e 39723
|
| 650 |
|
0 |
|a Economic assistance
|z Developing countries.
|9 51761
|
| 650 |
|
0 |
|a Economics.
|9 51762
|
| 710 |
2 |
|
|a Development Committee.
|b Task Force on Concessional Flows.
|9 51763
|
| 710 |
2 |
|
|a Development Committee.
|b Task Force on Concessional Flows.
|t Report of the Task Force on Concessional Flows.
|9 51764
|
| 830 |
|
0 |
|a Development Committee (Series) ;
|v no. 8.
|9 51765
|
| 852 |
|
|
|a Ayesha Abed Library
|c Akbar Ali Khan Collection
|
| 942 |
|
|
|2 ddc
|c BK
|
| 952 |
|
|
|0 0
|1 0
|2 ddc
|4 0
|6 338_910917240000000_AID
|7 1
|9 71920
|a BRACUL
|b BRACUL
|c AAKC
|d 2022-10-11
|e Donated by Akbar Ali Khan
|l 0
|o 338.91091724 AID
|p 3010039723
|r 2022-10-11
|t 1
|w 2022-10-11
|y BK
|